| 000 | 00869namaa22002651i 4500 | ||
|---|---|---|---|
| 003 | EG-GICUC | ||
| 005 | 20260111133541.0 | ||
| 008 | 260111s199U ua ||||jr|||| 000 0 ara d | ||
| 040 |
_aEG-GiCUC _bara _cEG-GiCUC _dEG-GiCUC _erda |
||
| 082 | 0 | 4 |
_221 _a414.1 _bF146 |
| 092 | 0 | 4 |
_221 _a414.1 _bF146 |
| 099 | _a414.1 F146 | ||
| 100 | 1 |
_aالفضلى، عبد الهادى _eمؤلف. |
|
| 245 |
_aتلخيص البلاغة / _bعبد الهادى الفضلى |
||
| 264 |
_aلبنان : _bدار الكتاب الاسلامى ، _c[199-]. |
||
| 300 |
_a؛ 128 صفحة _c24 سم. |
||
| 336 |
_2rdacontent _atext |
||
| 337 |
_2rdamedia _aUnmediated |
||
| 338 |
_2rdacarrier _avolume |
||
| 541 |
_aد.جابر عصفور ؛ _bالقاهرة ؛ _cإهداء ؛ _d2024. |
||
| 650 | 1 |
_aالبلاغة _2qrmak |
|
| 651 | 1 | _2qrmak | |
| 905 | _aNoha | ||
| 942 |
_2ddc _cBK _e21 _n0 |
||
| 999 |
_c177580 _d177580 |
||